El control del comportamiento en el aula
Na minha lista:
| Autor principal: | |
|---|---|
| Formato: | Livro |
| Idioma: | espanhol |
| Publicado em: |
Barcelona
Paidós
2000
|
| Colecção: | Temas de Educación, 52
|
| Assuntos: | |
| Tags: |
Adicionar Tag
Sem tags, seja o primeiro a adicionar uma tag!
|
MARC
| LEADER | 00000nam a2200000 a 4500 | ||
|---|---|---|---|
| 001 | UCM0726 | ||
| 003 | CL-VaPUC | ||
| 008 | 020308e20000000SP |||||||||||||||||spa|d | ||
| 082 | 0 | 4 | |a 371.5 |b FON |2 21 |
| 100 | 0 | |a Fontana, David |e author |9 467664 | |
| 245 | 1 | 3 | |a El control del comportamiento en el aula |
| 300 | |a 192 p | ||
| 942 | |c BK | ||
| 945 | |d 20020308 00:00:00 |a vberengu | ||
| 260 | |a Barcelona |b Paidós |c 2000 | ||
| 650 | 0 | |a Disciplina escolar |9 271077 | |
| 650 | 0 | |a Psicología educacional |9 307830 | |
| 650 | 7 | |a MALA CONDUCTA |2 CL-VaPUC |9 340050 | |
| 650 | 0 | |a Actitud del docente |9 309107 | |
| 583 | |a last modification |c 20020308 00:00:00 |k Rodrigo Vera | ||
| 490 | 0 | |a Temas de Educación, 52 | |
| 999 | |c 299563 |d 299561 | ||
| 952 | |0 0 |1 0 |4 0 |6 371_500000000000000_FON_2000 |7 0 |8 A |9 356227 |a FDOPOS |b FDOPOS |d 2019-11-21 |i 3790258 |o 371.5 FON 2000 |p 3790258 |r 2025-01-22 |w 2019-11-21 |y BK |k MLA | ||